From physics to metaphysics

Αποθηκεύτηκε σε:
Λεπτομέρειες βιβλιογραφικής εγγραφής
Κύριος συγγραφέας: Redhead, Michael
Μορφή: Βιβλίο
Γλώσσα:English
Δημοσίευση: Cambridge ; New York : Cambridge University press, 1995.
Θέματα:
Ετικέτες: Προσθήκη ετικέτας
Δεν υπάρχουν, Καταχωρήστε ετικέτα πρώτοι!

MARC

LEADER 00000cam a2200000 i 4500
001 1/4855
008 000602s1996 uk | ||| |||| ||eng||
020 |a 0521589665 
035 |l 10061375 
040 |a GR-MyUA  |b gre  |e AACR2 
041 0 |a eng 
082 0 |a 530.01 
100 1 |a Redhead, Michael. 
245 1 0 |a From physics to metaphysics /   |c by Michael Redhead.  
260 |a Cambridge ; New York :   |b Cambridge University press,   |c 1995.  
300 |a xiii, 92 σ. :  |b εικ. ;   |c 21 εκ.  
500 |a The Tarner lectures delivered at Cambridge under the auspices of Trinity College in February 1993 
504 |a Περιέχει βιβλιογραφικές αναφορές και ευρετήριο. 
650 0 0 |a Reality. 
650 0 0 |a Physics  |x Philosophy. 
650 0 0 |a Metaphysics. 
650 0 0 |a Quantum theory. 
767 0 8 |i Μεταφρασμένο ως:   |t Από τη φυσική στη μεταφυσική :  
852 |a INST  |b SAMOS  |e 20000602  |h 530.01 RED  |p 005300019829  |q 005300019829  |t BK  |y 0 
901 |a BIBL3-2000-2 
909 |a Σ  |b 077765 
922 |a 3ΕΛΗ  |b 200004  |c ΚΠΣ  |d ΠΑΠΑΣΩΤΗΡΙΟΥ 
950 |a 116-1999-12-30 
970 |a ΓΕΝΟΥΖΟΥ  |b ΧΡΥΣΑΝΘΗ  |z 2000/06 /06